书目信息 |
| 题名: |
三国史话
|
|
| 作者: | 吕思勉 著 | |
| 分册: | ||
| 出版信息: | 南京 江苏人民出版社 2019 |
|
| 页数: | 233页 | |
| 开本: | 19cm | |
| 丛书名: | 含章文库 | |
| 单 册: | ||
| 中图分类: | K236.09 , K236 | |
| 科图分类: | ||
| 主题词: | 中国历史--Zhong Guo Li Shi--三国时代--通俗读物 | |
| 电子资源: | ||
| ISBN: | 978-7-214-22597-9 | |
| 000 | 01284nam 2200289 450 | |
| 001 | 012001012662 | |
| 005 | 20140106171227.0 | |
| 010 | @a978-7-214-22597-9@dCNY32.00 | |
| 099 | @aCAL 012019057775 | |
| 100 | @a20190226d2019 ekmy0chiy50 ea | |
| 101 | 0 | @achi |
| 102 | @aCN@b320000 | |
| 105 | @ay z 000yy | |
| 106 | @ar | |
| 200 | 1 | @a三国史话@ASan Guo Shi Hua@f吕思勉著 |
| 210 | @a南京@c江苏人民出版社@d2019 | |
| 215 | @a233页@d19cm | |
| 225 | 2 | @a含章文库@AHan Zhang Wen Ku@i大家谈 |
| 330 | @a本书是历史学家吕思勉先生生前所写的惟一一部通俗性的史学作品。作者以丰富的历史知识为基础, 从文学和史学的角度, 对三国史上存在过的与三国文学中塑造的人物、事件、战争及地理环境作了细致的区分, 对许多重大的历史问题进行了深入的辨析, 提出了不少有价值的见解。吕先生治史, 注重对社会的综合研究, 最能融会贯通, 评论历史往往独具慧眼, 是故本书成为易中天先生品三国的重要参考资料。 另外, 本书附录中收录了吕思勉先生关于三国的其他文章共12篇, 对正文内容加以补充, 目的是使读者对三国历史有更为清晰完整的认识。 | |
| 333 | @a一般读者 | |
| 410 | 0 | @12001 @a含章文库@i大家谈 |
| 606 | 0 | @a中国历史@AZhong Guo Li Shi@z三国时代@j通俗读物 |
| 690 | @aK236.09@v5 | |
| 690 | @aK236@v4 | |
| 701 | 0 | @a吕思勉@ALv Si Mian@4著 |
| 801 | 0 | @aCN@b上海新华@c20191020 |
| 905 | @b1179998-9@dK236.09@e121@f2 | |
| 三国史话/吕思勉著.-南京:江苏人民出版社,2019 |
| 233页;19cm.-(含章文库.大家谈) |
| 使用对象:一般读者 |
| ISBN 978-7-214-22597-9:CNY32.00 |
| 本书是历史学家吕思勉先生生前所写的惟一一部通俗性的史学作品。作者以丰富的历史知识为基础, 从文学和史学的角度, 对三国史上存在过的与三国文学中塑造的人物、事件、战争及地理环境作了细致的区分, 对许多重大的历史问题进行了深入的辨析, 提出了不少有价值的见解。吕先生治史, 注重对社会的综合研究, 最能融会贯通, 评论历史往往独具慧眼, 是故本书成为易中天先生品三国的重要参考资料。 另外, 本书附录中收录了吕思勉先生关于三国的其他文章共12篇, 对正文内容加以补充, 目的是使读者对三国历史有更为清晰完整的认识。 |
| ● |
| 相关链接 |
|
|
|
|
正题名:三国史话
索取号:K236.09/121
 
预约/预借
| 序号 | 登录号 | 条形码 | 馆藏地/架位号 | 状态 | 备注 |
| 1 | 1179998 | 211799981 | 第二样本阅览室/ [索取号:K236.09/121] | 在馆 | |
| 2 | 1179999 | 211799990 | 第二借阅区/ [索取号:K236.09/121] | 在馆 |